000
00293nam a2200121Ia 4500
005
20251222143251.0
008
251222s9999||||xx |||||||||||||| ||spa||
082
_a
287.7/K53
100
_a
Kampmann, Theoderich
245
0
_a
Kierkegaard como educador religioso
264
_b
CSIC
942
_c
LIB
999
_c
14958
_d
14958